000 00432pab a2200145 454500
008 180718b2015 xxu||||| |||| 00| 0 eng d
100 _aGopikumar, Vandana et al
245 _aPersistent, complex and unresolved issues: Indian discourse on mental III health and homelessness
260 _c2015
300 _ap.42-51.
362 _a14 Mar
650 _aMental health
773 _aEconomic and Political Weekly
909 _a107457
999 _c107452
_d107452